| LEADER |
00864nam0a2200217 450 |
| 001 |
16867541 |
| 010 |
|
|
|a 978-90-374-9020-6
|b br.
|d 4,95
|
| 100 |
|
|
|a 20140218d2014 u u0frey01 ba
|
| 101 |
0 |
|
|a fre
|
| 102 |
|
|
|a BE
|
| 200 |
0 |
|
|a Mon premier livre de déguisements
|e crée tes accessoires de déguisement !
|
| 207 |
|
1 |
|a
|
| 210 |
|
|
|a Malle (Belgique)
|c le Ballon
|d 2014
|
| 215 |
|
|
|a 1 vol. (32 p.)
|c illustrations en couleur
|d 27 x 20 cm
|
| 225 |
1 |
|
|a Pas à pas
|
| 330 |
|
|
|a Des modèles de déguisements et d'accessoires présentés pas à pas pour réaliser quinze déguisements : princesse, dragon, clown, etc.
|
| 606 |
0 |
|
|a Déguisements (costume)
|x Ouvrages pour la jeunesse
|
| 676 |
|
|
|a 792.026
|
| 900 |
|
|
|a Documentaire
|
| 901 |
|
|
|a Jeunesse
|
| 995 |
|
|
|a Médiathèque
|c Médiathèque
|f 00156009375411
|h 00156009375411
|k E 792.026 MON
|o p
|q j
|r az
|e Médiathèque
|